Clinical health issues handbook / (Record no. 3245)
[ view plain ]
| 000 -LEADER | |
|---|---|
| fixed length control field | 00678cam a2200205 a 4500 |
| 001 - CONTROL NUMBER | |
| control field | 3479191 |
| 005 - DATE AND TIME OF LATEST TRANSACTION | |
| control field | 20250129210441.0 |
| 008 - FIXED-LENGTH DATA ELEMENTS--GENERAL INFORMATION | |
| fixed length control field | 930903s1993 mnua bf 000 0 eng |
| 020 ## - INTERNATIONAL STANDARD BOOK NUMBER | |
| International Standard Book Number | 9780314022202 |
| 050 00 - LIBRARY OF CONGRESS CALL NUMBER | |
| Classification number | RC55 |
| Item number | .B35 1993 |
| 082 00 - DEWEY DECIMAL CLASSIFICATION NUMBER | |
| Classification number | 616 |
| Edition information | 20 |
| 100 1# - MAIN ENTRY--PERSONAL NAME | |
| Personal name | Bellah, Karil. |
| 245 10 - TITLE STATEMENT | |
| Title | Clinical health issues handbook / |
| Statement of responsibility, etc. | Karil Bellah. |
| 260 ## - PUBLICATION, DISTRIBUTION, ETC. | |
| Place of publication, distribution, etc. | Minneapolis/St. Paul : |
| Name of publisher, distributor, etc. | West Pub. Co., |
| Date of publication, distribution, etc. | c1993. |
| 300 ## - PHYSICAL DESCRIPTION | |
| Extent | 166 p. : |
| Other physical details | ill. ; |
| Dimensions | 26 cm. |
| 650 #0 - SUBJECT ADDED ENTRY--TOPICAL TERM | |
| Topical term or geographic name entry element | Clinical medicine |
| General subdivision | Handbooks, manuals, etc. |
| 650 #0 - SUBJECT ADDED ENTRY--TOPICAL TERM | |
| Topical term or geographic name entry element | Clinical medicine |
| General subdivision | Case studies. |
| 856 42 - ELECTRONIC LOCATION AND ACCESS | |
| Materials specified | Publisher description |
| Uniform Resource Identifier | <a href="http://www.loc.gov/catdir/enhancements/fy1515/93200936-d.html">http://www.loc.gov/catdir/enhancements/fy1515/93200936-d.html</a> |
| 942 ## - ADDED ENTRY ELEMENTS (KOHA) | |
| Source of classification or shelving scheme | Library of Congress Classification |
| Koha item type | Books |
| Suppress in OPAC | No |
| 999 ## - | |
| -- | 3245 |
| -- | 3245 |
| Withdrawn status | Lost status | Source of classification or shelving scheme | Damaged status | Not for loan | Collection | Home library | Current library | Shelving location | Date acquired | Total checkouts | Full call number | Barcode | Date last seen | Copy number | Price effective from | Koha item type |
|---|---|---|---|---|---|---|---|---|---|---|---|---|---|---|---|---|
| Library of Congress Classification | Non-fiction | Science Library (Miotso) | Science Library (Miotso) | General stacks | 01/29/2025 | RC55 .B35 BEL | SLM00002630 | 01/29/2025 | 1 | 01/29/2025 | Books |